| 000 | 01102cam a2200289 a 4500 | ||
|---|---|---|---|
| 001 | 1298 | ||
| 005 | 20230906105401.0 | ||
| 020 | _a9780140315974 | ||
| 040 |
_aDLC _cDLC _dDLC _beng |
||
| 050 | 1 | 0 |
_aPZ7.D1515 _bBf 1985 |
| 082 | 0 | 0 |
_aFic _219 |
| 100 | 1 | _aDahl, Roald. | |
| 245 | 1 | 4 |
_aThe BFG / _cRoald Dahl ; illustrated by Quentin Blake. |
| 260 |
_aHarmondsworth, Middlesex, England ; _aNew York, N.Y., U.S.A. : _bClays Ltd, St Ives plc _c1982 |
||
| 300 |
_a207 pages : _bIllustrations ; _c20 cm. |
||
| 500 | _aOriginally published: London : J. Cape, c1982. | ||
| 500 | _a"Puffin books." | ||
| 505 | _aR | ||
| 520 | _aKidsnatched from her orphanage by a BFG (Big Friendly Giant), who spends his life blowing happy dreams to children, Sophie concocts with him a plan to save the world from nine other man-gobbling cannybull giants. | ||
| 521 |
_a720
_bLexile |
||
| 521 |
_aR
_bRaz-Plus |
||
| 650 | 1 |
_aGiants _xFiction. |
|
| 650 | 1 |
_aOrphans _xFiction. |
|
| 700 | 1 |
_aBlake, Quentin, _eIllustrations . |
|
| 906 |
_a7 _bcbc _corignew _d1 _eocip _f19 _gy-gencatlg |
||
| 942 |
_2ddc _cBK _n0 |
||
| 999 |
_c1298 _d1298 |
||